00617nam a2200157 a 450000100100000000500170001000800410002704000250006824500930009326000810018630000200026770000410028704900090032895201050033799900170044200002780720250204092151.0110405s1991 dr 000 0 spa d aDO-SdBNPbspacBNPHU10aLuz de canciones :bobra poética de J. Furcy Pichardo /ccompilador Julio Jaime Julia. aSanto Domingo :bUniversidad Tecnológica del CibaofEditora Centralc1991. a83 P. ;c22 cm.1 aJulia, Julio Jaimed1922-1993920185 aBNPD 0010718PDaPDbPDcCTd2011-04-05iLF1l0o p27807-10r2020-06-25w2020-06-25yLFPDZNo se presta c27299d27299